LEADER 05081nam 22007331 450 001 9910961281703321 005 20080905141155.0 010 $a9786611761370 010 $a9781472564283 010 $a1472564286 010 $a9781281761378 010 $a1281761370 010 $a9781847314147 010 $a1847314147 024 7 $a10.5040/9781472564283 035 $a(CKB)1000000000691234 035 $a(EBL)361641 035 $a(OCoLC)560616851 035 $a(SSID)ssj0000156819 035 $a(PQKBManifestationID)12008570 035 $a(PQKBTitleCode)TC0000156819 035 $a(PQKBWorkID)10130072 035 $a(PQKB)10468511 035 $a(MiAaPQ)EBC1772432 035 $a(MiAaPQ)EBC361641 035 $a(UtOrBLW)bpp09256382 035 $a(Au-PeEL)EBL361641 035 $a(UtOrBLW)BP9781472564283BC 035 $a(Perlego)810111 035 $a(EXLCZ)991000000000691234 100 $a20140929d2008 uy 0 101 0 $aeng 135 $aur|n|---||||| 181 $ctxt 182 $cc 183 $acr 200 00$aForced migration, human rights and security /$fedited by Jane McAdam 205 $a1st ed. 210 1$aOxford ;$aPortland, Oregon :$cHart Publishing,$d2008. 215 $a1 online resource (316 p.) 225 1 $aStudies in international law ;$vv. 17 300 $aDescription based upon print version of record. 311 08$a9781841137704 311 08$a1841137707 320 $aIncludes bibliographical references and index. 327 $tForced migration : refugees, rights and security /$rGuy S. Goodwin-Gill --$tResolution 1373 : a call to pre-empt Asylum Seekers? (or 'Osama, the Asylum Seeker') /$rPenelope Mathew --$tNational security and 'non-refoulment' in New Zealand : commentary on 'Zaoui v Attorney-General (No 2)' /$rRodger Haines Q. C. --$tOffshore barriers to Asylum Seeker movement : the exercise of power without responsibility? /$rSavitri Taylor --$tThe legal and ethical implications of extraterritorial processing of Asylum Seekers : the 'safe third country' concept /$rSusan Kneebone --$tRe-thinking the paradigms of protection : children as convention refugees in Australia /$rMary Crock --$tWearing thin : restrictions on Islamic headscarves and other religious symbols /$rBen Saul --$tSubjectivity and refugee fact-finding /$rArthur Glass --$tTowards convergence in the interpretation of the refugee convention : a proposal for the establishment of an international judicial commission for refugees /$rAnthony M. North and Joyce Chia --$tThe refugee convention as a rights blueprint for persons in need of international protection /$rJane McAdam --$tThe responsibility to protect : closing the gaps in the international protection regime /$rErika Feller. 330 $a"The international protection regime for refugees and other forced migrants seems increasingly at risk as measures designed to enhance security-of borders, of people, of institutions, and of national identity-encroach upon human rights. This timely edited collection responds to some of the contemporary challenges faced by the international protection regime, with a particular focus on the human rights of those displaced. The book begins by assessing the impact of anti-terrorism laws on refugee status, both at the international and domestic levels, before turning to examine the function of offshore immigration control mechanisms and extraterritorial processing on asylum seekers' access to territory and entitlements (both procedural and substantive). It considers the particular needs and rights of children as forced migrants, but also as children; the role of human rights law in protecting religious minorities in the context of debates about national identity; the approaches of refugee decision-makers in assessing the credibility of evidence; and the scope for an international judicial commission to provide consistent interpretative guidance on refugee law, so as to overcome (or at least diminish) the currently diverse and sometimes conflicting approaches of national courts. The last part of the book examines the status of people who benefit from 'complementary protection'-such as those who cannot be removed from a country because they face a risk of torture or cruel, inhuman or degrading treatment or punishment-and the scope for the broader concept of the 'responsibility to protect' to address gaps in the international protection regime"--Bloomsbury Publishing. 410 0$aStudies in international law (Oxford, England) ;$vv. 17. 606 $aForced migration 606 $aHuman rights 606 $aRefugees$xLegal status, laws, etc 606 $2International human rights law 615 0$aForced migration. 615 0$aHuman rights. 615 0$aRefugees$xLegal status, laws, etc. 676 $a341.486 686 $a86.81$2bcl 702 $aMcAdam$b Jane$f1974- 801 0$bUtOrBLW 801 1$bUtOrBLW 906 $aBOOK 912 $a9910961281703321 996 $aForced migration, human rights and security$94478137 997 $aUNINA LEADER 03700nam 22008171c 450 001 9910961036003321 005 20200115203623.0 010 $a9786613527585 010 $a9781472542908 010 $a1472542908 010 $a9781280123726 010 $a1280123729 010 $a9781441117298 010 $a1441117296 024 7 $a10.5040/9781472542908 035 $a(CKB)2670000000151646 035 $a(EBL)866355 035 $a(OCoLC)778458824 035 $a(SSID)ssj0000613184 035 $a(PQKBManifestationID)12214605 035 $a(PQKBTitleCode)TC0000613184 035 $a(PQKBWorkID)10584718 035 $a(PQKB)10689152 035 $a(MiAaPQ)EBC866355 035 $a(Au-PeEL)EBL866355 035 $a(CaPaEBR)ebr10534277 035 $a(CaONFJC)MIL352758 035 $a(OCoLC)893335941 035 $a(UtOrBLW)bpp09255877 035 $a(UtOrBLW)BP9781472542908BC 035 $a(Perlego)805475 035 $a(EXLCZ)992670000000151646 100 $a20140929d2012 uy 0 101 0 $aeng 135 $aur|n|---||||| 181 $ctxt 182 $cc 183 $acr 200 10$aWriting Muslim identity $fGeoffrey Nash 205 $a1st ed. 210 1$aLondon $aNew York $cContinuum $d2012. 215 $a1 online resource (153 p.) 300 $aDescription based upon print version of record. 311 08$a9781441124364 311 08$a1441124365 311 08$a9781441136664 311 08$a1441136665 320 $aIncludes bibliographical references (pages [128]-136) and index 327 $aLiterature and the kulturkampf against Islam -- British migrant Muslim fiction -- Fixing Muslim masculinity, saving Muslim women -- Discoursing Muslim modernities and eschatologies -- Fixing the 'Islamic' terrorist 327 $aIntroduction \1.Literature and the Kulturkampf against -- Islam\ 2. British Migrant Muslim Fiction -- 3. Fixing Muslim Masculinity -- Saving -- Muslim Women -- 4. Writing Muslim Modernities and Eschatologies\ 5. Identifying -- the 'Islamic' Terrorist 6. Conclusion -- Bibliography -- Index 330 8 $aThe relationship between Islam and the West is one of the most urgent and hotly debated issues of our time. This book is the first to offer a comprehensive overview of the way in which Muslims are represented within modern English writing, ranging from the novel, through memoir and travel writing to journalism. Covering a wide range of texts and authors, it scrutinises the identity 'Muslim' by looking at its inscription in recent and contemporary literary writing within the context of significant events like the Rushdie Affair and 9/11. Examining the wide range of writing internationally that takes Islam or Islamic cultures as its focus, the author discusses the representation of Muslim identity in writing by non-Muslim writers, former Muslim 'native informants', and practising Muslims 606 $aEnglish literature$xHistory and criticism 606 $2Literary studies: post-colonial literature 606 $aIslam and literature$xHistory$y21st century 606 $aMuslims in literature 606 $aMuslims$xEthnic identity 606 $aIslam and literature$xHistory$y20th century 615 0$aEnglish literature$xHistory and criticism. 615 0$aIslam and literature$xHistory 615 0$aMuslims in literature. 615 0$aMuslims$xEthnic identity. 615 0$aIslam and literature$xHistory 676 $a820.9/38297 700 $aNash$b Geoffrey$0288165 801 0$bUtOrBLW 801 1$bUtOrBLW 801 2$bUkLoBP 906 $aBOOK 912 $a9910961036003321 996 $aWriting Muslim identity$94476411 997 $aUNINA